000 00851nam a22002657a 4500
001 9530
003 FISKH
005 20260119135036.0
008 260119b cb ||||| |||| 00| 0 eng d
020 _a0689314345
040 _aFISKH
_beng
_cFISKH
_dFISKH
050 _aPZ8.3.M85
082 _a398.8
100 _aEdens, Cooper
_eAuthor
245 _aThe glorious mother goose :
_bSelections /
_cBy Cooper Edens
260 _aNew York :
_bMacmillan Publishing ,
_c1988
300 _a88 pages :
_bcolor illustrations ;
_c26 cm
505 _aG
520 _aA collection of nursery rhymes, including those about Humpty Dumpty, Jack and Jill, Little Jack Horner, and Little Miss Muffet.
521 8 _a300
_bLexile estimate
521 8 _aG
_bRaz-Plus
650 _aNursery rhymes
_vChildren's poetry
942 _2ddc
_cBK
_n0
999 _c9530
_d9530